Techniques and Resources in Teaching Reading (Record no. 35287)

MARC details
000 -LEADER
fixed length control field 00435nam a2200181Ia 4500
020 ## - INTERNATIONAL STANDARD BOOK NUMBER
ISBN 0-19-434134-8
100 ## - STATEMENT OF RESPONSIBILITY--MAIN AUTHOR NAME
Personal name Sandra Silberstein
245 #0 - TITLE STATEMENT
Title Techniques and Resources in Teaching Reading
250 ## - EDITION / VOLUME STATEMENT
Edition / Volume statement 2nd
260 ## - PUBLICATION, DISTRIBUTION, ETC. (IMPRINT)
Place of publication New York
260 ## - PUBLICATION, DISTRIBUTION, ETC. (IMPRINT)
Name of publisher Oxford University Press
260 ## - PUBLICATION, DISTRIBUTION, ETC. (IMPRINT)
Year of publication 1988
300 ## - PHYSICAL DESCRIPTION
Number of Pages 125 p
650 ## - SUBJECT ADDED ENTRY--TOPICAL TERM
Topical Term Teaching
942 ## - ADDED ENTRY ELEMENTS (KOHA)
Koha item type Books
Holdings
Withdrawn status Lost status Source of classification or shelving scheme Damaged status Not for loan Permanent Location Current Location Date acquired Accession Number Price effective from Koha item type
    Library of Congress Classification     NILE UNIVERSITY OF NIGERIA - MAIN LIBRARY NILE UNIVERSITY OF NIGERIA - MAIN LIBRARY 04/23/2025 0000279 04/23/2025 Books